| 000 | 00424nam a2200133Ia 4500 | ||
|---|---|---|---|
| 008 | 220204s9999 xx 000 0 und d | ||
| 082 |
_a581.5:614.7(06) _bULR |
||
| 100 | _aPANKRATH, J | ||
| 245 | 0 | _aEffects of accumulation of air pollutants in forest ecosystems: proceedings of a workshop at Gottingen, Germany. 1982. | |
| 260 |
_aLondon _bReidel _c1983 |
||
| 650 | _aForest ecosystem | ||
| 700 | _aULRICH, B | ||
| 942 | _cBK | ||
| 999 |
_c38100 _d38100 |
||